Statistics for Pairs of Bordering Countries by Similar Land Area

Click here to take the quiz!

General Stats

  • This quiz has been taken 110 times
  • The average score is 34 of 40

Answer Stats

Difference% Correct
Albania
91%
Albania5,004 km²
91%
Albania
91%
Hungary14,617 km²
91%
Hungary20,921 km²
91%
Serbia14,813 km²
91%
Austria21,078 km²
90%
Austria14,936 km²
90%
Montenegro3,603 km²
90%
Montenegro
90%
Kosovo4,667 km²
89%
Kosovo
89%
Kosovo
89%
Czech Republic16,900 km²
88%
North Macedonia5,385 km²
88%
North Macedonia
88%
Guatemala9,157 km²
87%
Honduras6,826 km²
87%
Honduras
87%
Croatia17,848 km²
86%
Nicaragua
86%
Bosnia and Herzegovina17,881 km²
85%
Netherlands19,332 km²
82%
Rwanda3,035 km²
82%
Belgium20,860 km²
81%
Burundi2,912 km²
81%
Dominican Republic
81%
Greece
80%
Haiti
80%
Bulgaria
79%
Estonia
78%
Latvia1,496 km²
78%
Latvia
78%
Lithuania741 km²
78%
Finland
76%
North Korea
76%
Norway
76%
South Korea
76%
Azerbaijan
70%
Georgia
70%

Score Distribution

Percentile by Number Answered

Percent of People with Each Score

Your Score History

You have not taken this quiz